[Event "GER-chT DLM U20"]
[Site "Stuttgart"]
[Date "2010.11.20"]
[Round "6.4"]
[White "Schroeder, Jan Christian"]
[Black "Takeuchi, Eiki"]
[Result "1-0"]
[WhiteElo "2140"]
[BlackElo "1973"]
[PlyCount "143"]
[EventDate "2010.11.17"]
[EventType "team-tourn"]
[EventRounds "7"]
[EventCountry "GER"]
[SourceTitle "EXT 2022"]
[Source "ChessBase"]
[SourceDate "2021.10.06"]
[SourceVersion "1"]
[SourceVersionDate "2021.10.06"]
[SourceQuality "1"]
[WhiteTeam "Hessen U20"]
[BlackTeam "Nordrhein Westfalen U20"]
[WhiteTeamCountry "GER"]
[BlackTeamCountry "GER"]

1. e4 e6 2. d4 d5 3. e5 c5 4. c3 Nc6 5. Nf3 Bd7 6. Be2 Nge7 7. Na3 cxd4 8. cxd4 Nf5 9. Nc2 Qb6 10. 0-0 Be7 11. Bd3 Rc8 12. b3 a5 13. Bxf5 exf5 14. Ba3 Nb4 15. Bxb4 axb4 16. Ne3 Be6 17. g3 0-0 18. Qd2 Rc3 19. Rfc1 Rfc8 20. Nd1 Rxf3 21. Rxc8+ Bxc8 22. Rc1 Be6 23. Kg2 Rc3 24. Nxc3 bxc3 25. Qxc3 Bf8 26. Kg1 h6 27. Qb2 Qa5 28. Qc2 Ba3 29. Rd1 Qb6 30. Qc3 Qc6 31. Qxc6 bxc6 32. Rb1 c5 33. dxc5 Bxc5 34. b4 Ba7 35. a4 d4 36. b5 Kf8 37. b6 Bb8 38. a5 Bc4 39. Rb4 Ba6 40. Rxd4 Ke7 41. f4 f6 42. exf6+ gxf6 43. Rd5 h5 44. Rxf5 h4 45. Rh5 hxg3 46. hxg3 Kd7 47. Rh8 Bd6 48. Ra8 Bb7 49. Ra7 Kc8 50. a6 Be4 51. b7+ Kc7 52. Ra8 Bxb7 53. axb7 Kxb7 54. Rd8 Kc7 55. Ra8 Kd7 56. Kg2 Ke7 57. Kf3 f5 58. g4 fxg4+ 59. Kxg4 Kf7 60. Kf5 Bc5 61. Rb8 Bd6 62. Rb7+ Kf8 63. Rd7 Bc5 64. Kf6 Bb6 65. f5 Ba5 66. Kg6 Bb6 67. f6 Ke8 68. Rb7 Bc5 69. f7+ Kd8 70. Rb8+ Kc7 71. f8Q Bxf8 72. Rxf8 1-0

[Event "GER-chT DLM U20"]
[Site "Stuttgart"]
[Date "2010.11.19"]
[Round "4.4"]
[White "Takeuchi, Eiki"]
[Black "Tennert, Simon"]
[Result "0-1"]
[WhiteElo "1973"]
[BlackElo "2097"]
[PlyCount "108"]
[EventDate "2010.11.17"]
[EventType "team-tourn"]
[EventRounds "7"]
[EventCountry "GER"]
[SourceTitle "EXT 2022"]
[Source "ChessBase"]
[SourceDate "2021.10.06"]
[SourceVersion "1"]
[SourceVersionDate "2021.10.06"]
[SourceQuality "1"]
[WhiteTeam "Nordrhein Westfalen U20"]
[BlackTeam "Niedersachsen U20"]
[WhiteTeamCountry "GER"]
[BlackTeamCountry "GER"]

1. e4 c5 2. Nc3 Nc6 3. f4 g6 4. Nf3 Bg7 5. Bc4 e6 6. 0-0 Nge7 7. Qe1 0-0 8. d3 d5 9. Bb3 a6 10. a4 Nd4 11. Nxd4 cxd4 12. Nd1 dxe4 13. Qxe4 Rb8 14. Nf2 Bd7 15. Bd2 Bc6 16. Qe2 Re8 17. Ne4 Bd5 18. a5 Bxb3 19. cxb3 Qd5 20. b4 Nf5 21. Rac1 Rbc8 22. Rc5 Rxc5 23. bxc5 Qb3 24. g4 Ne3 25. Bxe3 dxe3 26. Nd6 Rd8 27. Qxe3 Qd5 28. Qc1 Bd4+ 29. Rf2 Bxc5 30. Ne4 Bxf2+ 31. Nxf2 Qxa5 32. Kg2 Qd5+ 33. Kg3 Qd4 34. Qc7 Rd7 35. Qb8+ Kg7 36. b4 Qd6 37. Qe8 Re7 38. Qc8 e5 39. Qc3 Qd4 40. Qxd4 exd4 41. f5 Re3+ 42. Kf4 f6 43. h4 b6 44. Ne4 Rxd3 45. Nd6 Rh3 46. Ne8+ Kf7 47. Nd6+ Kf8 48. Nc4 d3 49. Ne3 d2 50. fxg6 hxg6 51. b5 Rxe3 52. bxa6 Ra3 53. h5 d1Q 54. h6 Qd4# 0-1

[Event "GER-ch U14 DEM"]
[Site "Oberhof"]
[Date "2010.05.28"]
[Round "6"]
[White "Takeuchi, Eiki"]
[Black "Urban, Lars"]
[Result "1/2-1/2"]
[WhiteElo "1850"]
[BlackElo "1835"]
[PlyCount "116"]
[EventDate "2010.05.23"]
[EventType "swiss"]
[EventRounds "9"]
[EventCountry "GER"]
[SourceTitle "CBM 136 Extra"]
[Source "ChessBase"]
[SourceDate "2010.07.02"]
[SourceVersion "2"]
[SourceVersionDate "2010.07.15"]
[SourceQuality "1"]

1. e4 e6 2. d4 d5 3. Nc3 Nf6 4. Bg5 dxe4 5. Nxe4 Be7 6. Bxf6 Bxf6 7. Nf3 Nd7 8. Bd3 b6 9. c3 Bb7 10. Qe2 Be7 11. Rd1 Nf6 12. 0-0 Nxe4 13. Bxe4 Bxe4 14. Qxe4 Qd5 15. Rfe1 Qxe4 16. Rxe4 c6 17. c4 0-0 18. Ne5 Rac8 19. f4 Rfd8 20. b3 g6 21. Kf2 Bf6 22. Ke2 Bxe5 23. Rxe5 Rd7 24. Ke3 Rcd8 25. a4 Rd6 26. b4 f6 27. Re4 c5 28. bxc5 bxc5 29. d5 exd5 30. Rxd5 Rxd5 31. cxd5 Kf7 32. Re6 Rxd5 33. Ra6 Rd7 34. Rc6 Ke7 35. Rxc5 Kd6 36. Ra5 f5 37. Kd4 Kc6+ 38. Ke5 Kb6 39. Rb5+ Kc6 40. Rb2 Rd5+ 41. Kf6 Rd4 42. Kg7 Rxf4 43. Kxh7 g5 44. Kg6 g4 45. Kg5 Rxa4 46. Kxf5 a5 47. h4 gxh3 48. gxh3 Rh4 49. Rh2 Kc5 50. Kg5 Rh8 51. h4 Kb4 52. h5 a4 53. h6 a3 54. Kg6 Kb3 55. Kg7 Ra8 56. h7 a2 57. Rxa2 Kxa2 58. h8Q Rxh8 1/2-1/2

[Event "GER-ch U14 DEM"]
[Site "Oberhof"]
[Date "2010.05.28"]
[Round "8"]
[White "Takeuchi, Eiki"]
[Black "Xu, Xianliang"]
[Result "1/2-1/2"]
[WhiteElo "1850"]
[BlackElo "1995"]
[PlyCount "67"]
[EventDate "2010.05.23"]
[EventType "swiss"]
[EventRounds "9"]
[EventCountry "GER"]
[SourceTitle "CBM 136 Extra"]
[Source "ChessBase"]
[SourceDate "2010.07.02"]
[SourceVersion "2"]
[SourceVersionDate "2010.07.15"]
[SourceQuality "1"]

1. e4 c5 2. c4 Nc6 3. Ne2 Nf6 4. Nbc3 e6 5. d4 cxd4 6. Nxd4 Bb4 7. f3 0-0 8. Be3 d5 9. exd5 exd5 10. Qd2 dxc4 11. Bxc4 Re8 12. Nxc6 Qxd2+ 13. Kxd2 bxc6 14. Rhe1 Bf5 15. Bd4 Red8 16. Ke3 Nd7 17. Kf4 Bg6 18. Rad1 Nb6 19. Ba6 Bd6+ 20. Be5 Bxe5+ 21. Rxe5 Rxd1 22. Nxd1 Nd5+ 23. Kg3 Rb8 24. Nc3 Nxc3 25. bxc3 Kf8 26. Bc4 f6 27. Ra5 Rb7 28. Ra6 Rc7 29. Kf4 Ke7 30. Ke3 Kd6 31. Kd4 Bf7 32. Bd3 Bg6 33. Bc4 Bf7 34. Bd3 1/2-1/2

[Event "GER-ch U25 op"]
[Site "Willingen"]
[Date "2009.05.31"]
[Round "2"]
[White "Wagner, Florian"]
[Black "Takeuchi, Eiki"]
[Result "1-0"]
[WhiteElo "2302"]
[BlackElo "1882"]
[PlyCount "113"]
[EventDate "2009.05.30"]
[EventType "swiss"]
[EventRounds "9"]
[EventCountry "GER"]
[SourceTitle "EXT 2010"]
[Source "ChessBase"]
[SourceDate "2010.11.25"]
[SourceVersion "1"]
[SourceVersionDate "2010.11.25"]
[SourceQuality "1"]

1. e4 c5 2. Nf3 d6 3. d4 cxd4 4. Nxd4 Nf6 5. f3 a6 6. c4 e6 7. Nc3 Be7 8. Be2 Qc7 9. Be3 Nbd7 10. 0-0 b6 11. Qd2 Bb7 12. Rfc1 0-0 13. Bf1 Rac8 14. Rab1 Rfd8 15. b4 Qb8 16. Qf2 Ba8 17. Na4 Bf8 18. Nb3 Rc6 19. Nb2 Rcc8 20. Nd3 Bc6 21. Nd4 Ba8 22. Nb3 Bc6 23. Nd4 Ba8 24. a4 d5 25. exd5 exd5 26. c5 b5 27. axb5 axb5 28. Bf4 Rc7 29. c6 Nb6 30. Bxc7 Qxc7 31. Nxb5 Qe7 32. Qxb6 d4 33. Re1 Nd5 34. Qxd4 Qg5 35. Re5 Nxb4 36. Rxg5 Rxd4 37. Nxd4 Nxc6 38. Nxc6 Bxc6 39. h3 h6 40. Ra5 g6 41. Kh1 Bg7 42. Kh2 Kh7 43. Ne5 Bxe5+ 44. Rxe5 Kg7 45. Rb6 Bd7 46. Bc4 Be6 47. Bxe6 fxe6 48. Kg1 Kf6 49. Rbxe6+ Kg7 50. g3 h5 51. Kf2 Kh6 52. h4 Kg7 53. f4 Kf7 54. Ra6 Kg7 55. Re7+ Kh6 56. Ra1 g5 57. Ra6# 1-0

[Event "NRW-ch U14"]
[Site "Kranenburg"]
[Date "2009.04.18"]
[Round "7"]
[White "Florstedt, Johannes"]
[Black "Takeuchi, Eiki"]
[Result "1/2-1/2"]
[WhiteElo "1489"]
[BlackElo "1930"]
[PlyCount "79"]
[EventDate "2009.04.13"]
[EventType "swiss"]
[EventRounds "7"]
[EventCountry "GER"]
[SourceTitle "EXT 2010"]
[Source "ChessBase"]
[SourceDate "2010.11.25"]
[SourceVersion "1"]
[SourceVersionDate "2010.11.25"]
[SourceQuality "1"]

1. d4 Nf6 2. Nf3 g6 3. Nc3 Bg7 4. e4 d6 5. Bc4 0-0 6. 0-0 Nbd7 7. e5 Ne8 8. e6 fxe6 9. Bxe6+ Kh8 10. Ng5 h6 11. Nf7+ Rxf7 12. Bxf7 Nf8 13. Bxe8 Qxe8 14. Re1 Qf7 15. Be3 c6 16. Qd2 Kh7 17. Ne2 Bd7 18. c3 Ne6 19. Nf4 Ng5 20. f3 Qf6 21. d5 c5 22. Qc2 Bf5 23. Qb3 Rb8 24. Rad1 Nf7 25. Ne6 Bh8 26. Qa4 a6 27. Bf4 Qh4 28. g3 Qh3 29. Qd7 Bf6 30. Qc7 Rg8 31. Qxb7 g5 32. Be3 g4 33. Qxa6 gxf3 34. Nf4 Rxg3+ 35. hxg3 Qxg3+ 36. Kh1 Qh4+ 37. Kg1 Qg3+ 38. Kh1 Qh4+ 39. Kg1 Qg3+ 40. Kh1 1/2-1/2

[Event "NRW-ch U14"]
[Site "Kranenburg"]
[Date "2009.04.16"]
[Round "6"]
[White "Takeuchi, Eiki"]
[Black "Pilat, Fabian"]
[Result "1-0"]
[WhiteElo "1930"]
[BlackElo "1967"]
[PlyCount "31"]
[EventDate "2009.04.13"]
[EventType "swiss"]
[EventRounds "7"]
[EventCountry "GER"]
[SourceTitle "EXT 2010"]
[Source "ChessBase"]
[SourceDate "2010.11.25"]
[SourceVersion "1"]
[SourceVersionDate "2010.11.25"]
[SourceQuality "1"]

1. d4 d5 2. e3 Nf6 3. Bd3 c6 4. c3 e6 5. f4 Nbd7 6. Nf3 h5 7. 0-0 Bd6 8. Nbd2 Ng4 9. Qe1 Qc7 10. Ne5 Ngf6 11. Ndf3 b6 12. Ng5 Bxe5 13. fxe5 Ne4 14. Nxf7 Rf8 15. Bxe4 Rxf7 16. Bg6 1-0

[Event "GER-ch U12"]
[Site "Willingen"]
[Date "2008.05.15"]
[Round "8"]
[White "Takeuchi, Eiki"]
[Black "Hoepfner, Tim"]
[Result "1-0"]
[WhiteElo "1778"]
[BlackElo "1766"]
[PlyCount "73"]
[EventDate "2008.05.11"]
[EventType "swiss"]
[EventRounds "11"]
[EventCountry "GER"]
[SourceTitle "CBM 124 Extra"]
[Source "ChessBase"]
[SourceDate "2008.07.03"]
[SourceVersion "1"]
[SourceVersionDate "2008.07.03"]
[SourceQuality "1"]

1. e4 c5 2. Nc3 d6 3. f4 Nf6 4. Nf3 e6 5. d3 Nc6 6. g3 Be7 7. Bg2 0-0 8. 0-0 Qb6 9. Kh1 Rd8 10. h3 d5 11. e5 Nd7 12. Ne2 f6 13. exf6 Bxf6 14. c3 e5 15. fxe5 Ndxe5 16. Nf4 d4 17. c4 Ne7 18. Nd2 N5g6 19. Nh5 Be5 20. Ne4 Nf5 21. Bg5 Re8 22. Qa4 Be6 23. Rf2 Qc7 24. Rf3 Rf8 25. Raf1 h6 26. Bd2 Nd6 27. Rxf8+ Rxf8 28. Rxf8+ Kxf8 29. Qxa7 Bf5 30. Nxc5 Bc8 31. Ba5 Qf7 32. Qb6 Qf2 33. Qd8+ Ne8 34. Qxc8 Nh4 35. gxh4 b6 36. Nd7+ Ke7 37. Nxe5 1-0

[Event "NRW-ch U14"]
[Site "Kranenburg"]
[Date "2008.03.29"]
[Round "7"]
[White "Takeuchi, Eiki"]
[Black "Mundorf, Johannes"]
[Result "0-1"]
[WhiteElo "1863"]
[BlackElo "1770"]
[PlyCount "48"]
[EventDate "2008.03.24"]
[EventType "swiss"]
[EventRounds "7"]
[EventCountry "GER"]
[SourceTitle "EXT 2009"]
[Source "ChessBase"]
[SourceDate "2008.11.26"]
[SourceVersion "1"]
[SourceVersionDate "2008.11.26"]
[SourceQuality "1"]

1. e4 e6 2. d4 d5 3. Nc3 dxe4 4. Nxe4 Nd7 5. Nf3 Ngf6 6. Ng3 c5 7. Be2 b6 8. 0-0 Bb7 9. c4 Bd6 10. b3 Qc7 11. Bb2 h5 12. Re1 h4 13. Nf1 g5 14. h3 g4 15. hxg4 h3 16. g3 Nxg4 17. Qd3 0-0-0 18. N3h2 Nxh2 19. Nxh2 cxd4 20. Bxd4 Rhg8 21. Bf3 Bxg3 22. Bxb7+ Qxb7 23. Nf3 Nc5 24. Qe3 Bf4+ 0-1

[Event "NRW-ch U14"]
[Site "Kranenburg"]
[Date "2008.03.28"]
[Round "6"]
[White "Pauly, Carlo"]
[Black "Takeuchi, Eiki"]
[Result "1-0"]
[WhiteElo "1725"]
[BlackElo "1863"]
[PlyCount "128"]
[EventDate "2008.03.24"]
[EventType "swiss"]
[EventRounds "7"]
[EventCountry "GER"]
[SourceTitle "EXT 2009"]
[Source "ChessBase"]
[SourceDate "2008.11.26"]
[SourceVersion "1"]
[SourceVersionDate "2008.11.26"]
[SourceQuality "1"]

1. d4 Nf6 2. c4 e6 3. Nc3 Bb4 4. Qc2 c5 5. dxc5 Qa5 6. Bd2 Qxc5 7. e3 d5 8. a3 Bxc3 9. Bxc3 dxc4 10. Bxf6 gxf6 11. Qxc4 Qxc4 12. Bxc4 a6 13. Rc1 Nd7 14. f3 b5 15. Be2 Bb7 16. Kf2 Ke7 17. Rc7 Rab8 18. Nh3 Rhc8 19. Rhc1 Kd6 20. Rxc8 Rxc8 21. Rxc8 Bxc8 22. b4 Nb6 23. Ke1 e5 24. Nf2 Kd5 25. Ne4 Nd7 26. Kd2 h6 27. Nc3+ Kd6 28. Ne4+ Ke6 29. Bd1 f5 30. Bb3+ Ke7 31. Nc3 Nb6 32. Nd5+ Nxd5 33. Bxd5 f6 34. f4 Kd6 35. Bf3 e4 36. Bh5 Kc6 37. Kc3 Kb6 38. Kd4 Be6 39. Bg6 a5 40. h3 axb4 41. axb4 Kc6 42. Be8+ Kb6 43. Bh5 Kc6 44. g4 Bc4 45. gxf5 Bd3 46. Bf3 Bf1 47. Bxe4+ Kb6 48. h4 Bc4 49. Bd5 Be2 50. e4 Bg4 51. Be6 Kc6 52. e5 Bf3 53. Bf7 Bg2 54. Be8+ Kc7 55. Bxb5 Kd8 56. Kc5 Bf3 57. Bc6 Bg4 58. Be4 Bh5 59. b5 Bf7 60. b6 Kc8 61. b7+ Kc7 62. exf6 h5 63. Bd5 Bxd5 64. Kxd5 Kxb7 1-0

[Event "NRW-ch U14"]
[Site "Kranenburg"]
[Date "2008.03.26"]
[Round "4"]
[White "Stukenbrok, Nils"]
[Black "Takeuchi, Eiki"]
[Result "1-0"]
[WhiteElo "1699"]
[BlackElo "1863"]
[PlyCount "165"]
[EventDate "2008.03.24"]
[EventType "swiss"]
[EventRounds "7"]
[EventCountry "GER"]
[SourceTitle "EXT 2009"]
[Source "ChessBase"]
[SourceDate "2008.11.26"]
[SourceVersion "1"]
[SourceVersionDate "2008.11.26"]
[SourceQuality "1"]

1. d4 Nf6 2. Nf3 e6 3. Bg5 d5 4. c4 Be7 5. cxd5 exd5 6. Nc3 Bf5 7. e3 Nbd7 8. Nh4 Bg4 9. Qc2 h6 10. Bxf6 Nxf6 11. Nf5 Bxf5 12. Qxf5 c6 13. Bd3 Qd6 14. 0-0 0-0 15. Rab1 b5 16. Rfc1 g6 17. Qh3 Kg7 18. Rc2 Nd7 19. Rbc1 Nb6 20. Ne2 Qb4 21. Rxc6 Rac8 22. Ng3 Rxc6 23. Rxc6 Qe1+ 24. Bf1 Nc4 25. Qg4 Bg5 26. Qe2 Qxe2 27. Bxe2 Nxb2 28. Bxb5 Rb8 29. a4 Rb6 30. Rc2 Nd1 31. Kf1 a6 32. Bc6 Rb2 33. Rxb2 Nxb2 34. Ne2 Kf8 35. Nc3 Nd3 36. Nxd5 Nb2 37. Ke2 Bd8 38. Nb4 a5 39. Nd5 f6 40. Bb5 Kf7 41. Kd2 Ke6 42. Nf4+ Kf5 43. Kc2 g5 44. Ne2 Nxa4 45. Bxa4 Bc7 46. h3 Bd6 47. g4+ Ke6 48. Kd3 f5 49. f3 Bb4 50. Ng3 f4 51. Bb3+ Kf6 52. Nh5+ Kg6 53. exf4 gxf4 54. Nxf4+ Kg5 55. Ng2 Bd6 56. h4+ Kf6 57. f4 Kg6 58. Ke4 Kf6 59. g5+ hxg5 60. hxg5+ Kg6 61. Nh4+ Kh5 62. g6 Bf8 63. f5 Bg7 64. Nf3 Bf6 65. d5 Kh6 66. Ne5 Kg7 67. d6 Bg5 68. Nc6 Bd2 69. d7 Bg5 70. d8Q Bxd8 71. Nxd8 a4 72. Bxa4 Kh8 73. f6 Kg8 74. g7 Kh7 75. Bb3 Kh6 76. g8N+ Kg6 77. f7 Kg7 78. Nh6 Kxh6 79. f8Q+ Kh7 80. Qf7+ Kh6 81. Qg8 Kh5 82. Bd1+ Kh4 83. Qg4# 1-0

[Event "Duesseldorf Nord Cup 7th GrB"]
[Site "Duesseldorf"]
[Date "2007.08.12"]
[Round "4"]
[White "De Leroy, Babs"]
[Black "Takeuchi, Eiki"]
[Result "0-1"]
[WhiteElo "1729"]
[BlackElo "1723"]
[PlyCount "88"]
[EventDate "2007.08.10"]
[EventType "tourn"]
[EventRounds "5"]
[EventCountry "GER"]
[SourceTitle "EXT 2017"]
[Source "ChessBase"]
[SourceDate "2016.10.25"]
[SourceVersion "1"]
[SourceVersionDate "2016.10.25"]
[SourceQuality "1"]

1. Nf3 Nf6 2. c4 e6 3. g3 d5 4. d4 Be7 5. Bg2 0-0 6. 0-0 c6 7. Qc2 Nbd7 8. b3 Re8 9. Bb2 Nf8 10. Nbd2 Ng6 11. Ne5 Bd6 12. Nxg6 hxg6 13. e4 Bf8 14. e5 Nd7 15. f4 Rb8 16. Rac1 Be7 17. g4 Nf8 18. Rf3 f6 19. Nf1 Kf7 20. cxd5 cxd5 21. Qc7 Qxc7 22. Rxc7 Bd7 23. Nd2 Rec8 24. Rfc3 Rxc7 25. Rxc7 Bc6 26. Ba3 Nd7 27. Bd6 Ra8 28. f5 Bd8 29. Bxd5 exd5 30. e6+ Kg8 31. Rxc6 bxc6 32. exd7 gxf5 33. gxf5 Kf7 34. Nf1 a6 35. Kf2 Ra7 36. Ke3 Rxd7 37. Bc5 Be7 38. Bb6 Bd6 39. h3 Re7+ 40. Kf2 Re4 41. Ne3 Bf4 42. Nd1 Bd2 43. a4 Re1 44. Nb2 Rb1 0-1

[Event "Duesseldorf Nord Cup 7th GrB"]
[Site "Duesseldorf"]
[Date "2007.08.11"]
[Round "3"]
[White "Takeuchi, Eiki"]
[Black "Pennekamp, Manfred"]
[Result "1-0"]
[WhiteElo "1723"]
[BlackElo "1762"]
[PlyCount "67"]
[EventDate "2007.08.10"]
[EventType "tourn"]
[EventRounds "5"]
[EventCountry "GER"]
[SourceTitle "EXT 2017"]
[Source "ChessBase"]
[SourceDate "2016.10.25"]
[SourceVersion "1"]
[SourceVersionDate "2016.10.25"]
[SourceQuality "1"]

1. e4 e5 2. Nf3 Nc6 3. Bc4 Nf6 4. d3 h6 5. 0-0 a6 6. c3 Na5 7. Nxe5 Nxc4 8. Nxc4 d5 9. exd5 Nxd5 10. Ne3 Nf6 11. Re1 Be6 12. d4 c6 13. Nd2 Be7 14. Qc2 0-0 15. b3 Qc7 16. Bb2 Rad8 17. Rad1 Bd6 18. h3 Qc8 19. Ndf1 Rfe8 20. Ng3 g6 21. c4 Bxg3 22. fxg3 Nh5 23. g4 Nf4 24. Qf2 Qb8 25. Qh4 Kh7 26. g5 h5 27. g4 Bc8 28. gxh5 Nxh5 29. Ng4 Bxg4 30. hxg4 Qg3+ 31. Qxg3 Nxg3 32. Kg2 Re2+ 33. Rxe2 Nxe2 34. d5 1-0

[Event "GER-ch U12"]
[Site "Willingen"]
[Date "2007.06.01"]
[Round "9"]
[White "Takeuchi, Eiki"]
[Black "Kaulich, Philipp Theodor"]
[Result "1-0"]
[WhiteElo "1655"]
[BlackElo "1540"]
[PlyCount "87"]
[EventDate "2007.05.26"]
[EventType "swiss"]
[EventRounds "11"]
[EventCountry "GER"]
[SourceTitle "CBM 118 Extra"]
[Source "ChessBase"]
[SourceDate "2007.07.04"]
[SourceVersion "1"]
[SourceVersionDate "2007.07.04"]
[SourceQuality "1"]

1. e4 e5 2. Nf3 Nc6 3. Bc4 Nf6 4. d3 Bc5 5. 0-0 d6 6. h3 h6 7. Re1 0-0 8. c3 Re8 9. Bb3 Bd7 10. Bc2 a6 11. d4 exd4 12. cxd4 Ba7 13. a3 Re7 14. Bf4 Qe8 15. Nc3 Rd8 16. Qd3 Kf8 17. Rad1 Bc8 18. Bb1 b5 19. Qc2 Bb7 20. b4 Nb8 21. Re2 Nbd7 22. Rde1 Nb6 23. Qc1 Ng8 24. Nd2 Rdd7 25. Be3 Qd8 26. f4 Qe8 27. Bf2 Nf6 28. Nf3 Nc4 29. Nh4 Ng8 30. Kh2 Qd8 31. g4 Re8 32. Ng2 Rde7 33. Bd3 Qa8 34. Nh4 Bb6 35. f5 Qa7 36. Nf3 Qb8 37. Kg2 Nf6 38. Bh4 Qa8 39. Bxf6 gxf6 40. Qxh6+ Kg8 41. Ng5 fxg5 42. f6 Bxe4+ 43. Bxe4 Rxe4 44. Qg7# 1-0

[Event "GER-ch U12"]
[Site "Willingen"]
[Date "2007.05.30"]
[Round "8"]
[White "Noe, Christopher"]
[Black "Takeuchi, Eiki"]
[Result "1/2-1/2"]
[WhiteElo "1600"]
[BlackElo "1655"]
[PlyCount "88"]
[EventDate "2007.05.26"]
[EventType "swiss"]
[EventRounds "11"]
[EventCountry "GER"]
[SourceTitle "CBM 118 Extra"]
[Source "ChessBase"]
[SourceDate "2007.07.04"]
[SourceVersion "1"]
[SourceVersionDate "2007.07.04"]
[SourceQuality "1"]

1. c4 e5 2. Nc3 Nc6 3. e4 Bc5 4. d3 a6 5. g3 d6 6. h3 f5 7. Bg2 Nf6 8. Nge2 0-0 9. 0-0 Bd7 10. Kh2 Qe8 11. Nd5 Rc8 12. Nec3 Nd4 13. Nxf6+ Rxf6 14. Nd5 Rf8 15. Nc3 c6 16. f4 Qg6 17. b3 Rce8 18. a3 Ba7 19. b4 Rf6 20. Bd2 Qf7 21. Rb1 Qe6 22. a4 fxe4 23. Nxe4 Rh6 24. f5 Nxf5 25. Bxh6 Qxh6 26. Qe2 Ne3 27. Rfe1 Rf8 28. c5 Nf5 29. a5 d5 30. Nd2 Bb8 31. Nf1 e4 32. dxe4 Nxg3 33. Nxg3 Bxg3+ 34. Kg1 Rf2 35. Qxf2 Bxf2+ 36. Kxf2 dxe4 37. Bxe4 Qxh3 38. Rh1 Qc3 39. Bxh7+ Kf8 40. Be4 Qd4+ 41. Kf3 Bg4+ 42. Kf4 g5+ 43. Kxg4 Qxe4+ 44. Kxg5 Qe5+ 1/2-1/2

[Event "GER-ch U12"]
[Site "Willingen"]
[Date "2007.05.29"]
[Round "6"]
[White "Medvedovski, Michael"]
[Black "Takeuchi, Eiki"]
[Result "1/2-1/2"]
[WhiteElo "1560"]
[BlackElo "1655"]
[PlyCount "117"]
[EventDate "2007.05.26"]
[EventType "swiss"]
[EventRounds "11"]
[EventCountry "GER"]
[SourceTitle "CBM 118 Extra"]
[Source "ChessBase"]
[SourceDate "2007.07.04"]
[SourceVersion "1"]
[SourceVersionDate "2007.07.04"]
[SourceQuality "1"]

1. e4 c5 2. Nf3 Nc6 3. d4 cxd4 4. Nxd4 Nf6 5. Nc3 d6 6. Bc4 Bd7 7. Bb3 a6 8. Be3 e6 9. f3 Be7 10. Qd2 Qc7 11. 0-0-0 b5 12. g4 0-0 13. h4 Ne5 14. Bf2 Rfc8 15. g5 Ne8 16. Qe2 Nc4 17. Bxc4 bxc4 18. Kd2 Rab8 19. Rb1 Qa5 20. Qe3 Nc7 21. Bg3 Nb5 22. Ndxb5 axb5 23. a3 Ra8 24. f4 b4 25. axb4 Qxb4 26. Ke2 Ba4 27. Nxa4 Qxa4 28. Rhc1 Qb5 29. Kf3 Ra2 30. b3 c3 31. Ra1 Qa6 32. Rxa2 Qxa2 33. Qe2 Qa5 34. Rd1 Rc6 35. Qd3 Bd8 36. f5 e5 37. Qd5 Qxd5 38. Rxd5 Bb6 39. Bf2 Bc7 40. Ke2 Ra6 41. Kd3 Kf8 42. Kxc3 Ra1 43. Rd3 Rf1 44. Rd2 Ke7 45. Kd3 Rb1 46. Re2 Ba5 47. Kc4 Kd7 48. c3 Rc1 49. b4 Bc7 50. Kb3 Kc6 51. Be1 Kb5 52. Bf2 Bb8 53. Rd2 Bc7 54. c4+ Kc6 55. Rc2 Rb1+ 56. Kc3 Rh1 57. b5+ Kb7 58. Rb2 Rc1+ 59. Rc2 1/2-1/2

[Event "GER-ch U12"]
[Site "Willingen"]
[Date "2007.05.28"]
[Round "3"]
[White "Takeuchi, Eiki"]
[Black "Sarchisov, Slavik"]
[Result "0-1"]
[WhiteElo "1655"]
[BlackElo "1746"]
[PlyCount "116"]
[EventDate "2007.05.26"]
[EventType "swiss"]
[EventRounds "11"]
[EventCountry "GER"]
[SourceTitle "CBM 118 Extra"]
[Source "ChessBase"]
[SourceDate "2007.07.04"]
[SourceVersion "1"]
[SourceVersionDate "2007.07.04"]
[SourceQuality "1"]

1. e4 c5 2. Nf3 d6 3. d4 cxd4 4. Nxd4 Nf6 5. Nc3 a6 6. Be2 e5 7. Nb3 Be7 8. Be3 0-0 9. f3 h5 10. 0-0 Be6 11. Qe1 b5 12. Rd1 Nbd7 13. Kh1 Rc8 14. Bd3 Qc7 15. Qg3 Rfd8 16. a3 Nb6 17. Rfe1 Rb8 18. Bc1 h4 19. Qxh4 Na4 20. Ne2 Qb6 21. Rf1 Nc5 22. Nd2 Nxd3 23. cxd3 Nd5 24. Qg3 Ne3 25. Rde1 Nxf1 26. Nxf1 Rbc8 27. h4 Bf6 28. h5 Kf8 29. Ne3 Ke7 30. Nc3 Kd7 31. Ned5 Qb7 32. Be3 Rc6 33. Nxf6+ gxf6 34. Qg7 Kc8 35. Qxf6 Qc7 36. h6 Re8 37. Bg5 Kb7 38. Nd5 Bxd5 39. exd5 Rc2 40. h7 Qb8 41. Qxf7+ Rc7 42. Qg6 Rh8 43. Kg1 Rcxh7 44. Kf2 Rc7 45. Re2 Qf8 46. Be3 Rg7 47. Qe4 Qg8 48. f4 Rh4 49. d4 exf4 50. Bxf4 Rxf4+ 51. Qxf4 Rf7 52. Re7+ Rxe7 53. Qxd6 Qf8+ 54. Kg3 Rg7+ 55. Kh2 Qxd6+ 56. Kg1 Qg3 57. Kf1 Re7 58. d6 Re1# 0-1

[Event "GER-ch U12"]
[Site "Willingen"]
[Date "2007.05.26"]
[Round "1"]
[White "Takeuchi, Eiki"]
[Black "Kaden, Romy"]
[Result "1-0"]
[WhiteElo "1655"]
[BlackElo "1272"]
[PlyCount "111"]
[EventDate "2007.05.26"]
[EventType "swiss"]
[EventRounds "11"]
[EventCountry "GER"]
[SourceTitle "CBM 118 Extra"]
[Source "ChessBase"]
[SourceDate "2007.07.04"]
[SourceVersion "1"]
[SourceVersionDate "2007.07.04"]
[SourceQuality "1"]

1. e4 c5 2. Nf3 d6 3. d4 cxd4 4. Nxd4 Nf6 5. Nc3 g6 6. Be3 Bg7 7. f3 0-0 8. Qd2 Nc6 9. Be2 d5 10. exd5 Nxd5 11. Nxd5 Nxd4 12. Bxd4 Qxd5 13. Bxg7 Qxd2+ 14. Kxd2 Rd8+ 15. Ke3 Kxg7 16. Rad1 Bf5 17. Rxd8 Rxd8 18. Rd1 Rxd1 19. Bxd1 Kf6 20. c4 Be6 21. Kd4 Bd7 22. f4 h6 23. Bf3 g5 24. fxg5+ hxg5 25. Bxb7 e5+ 26. Ke3 Ke7 27. Ke4 f6 28. c5 Be6 29. a3 Kd7 30. b4 Kc7 31. Ba6 Kc6 32. Be2 a5 33. g4 axb4 34. axb4 Kc7 35. b5 Kb7 36. Kf3 Bd5+ 37. Kg3 e4 38. h4 gxh4+ 39. Kxh4 Kc7 40. Kg3 Kb7 41. Kf4 Bb3 42. Kxe4 Bc2+ 43. Bd3 Bxd3+ 44. Kxd3 Kc7 45. Ke4 Kd7 46. Kf5 Ke7 47. b6 Kd7 48. b7 Kc7 49. c6 Kb8 50. Ke6 Kc7 51. Ke7 f5 52. gxf5 Kb8 53. Kd7 Ka7 54. Kc7 Ka6 55. b8Q Ka5 56. Qb3 1-0

[Event "NRW-ch U12"]
[Site "Kranenburg"]
[Date "2007.04.12"]
[Round "5"]
[White "Takeuchi, Eiki"]
[Black "Miller, Eduard"]
[Result "1-0"]
[WhiteElo "1528"]
[BlackElo "1614"]
[PlyCount "109"]
[EventDate "2007.04.09"]
[EventType "swiss"]
[EventRounds "7"]
[EventCountry "GER"]
[SourceTitle "EXT 2008"]
[Source "ChessBase"]
[SourceDate "2007.11.25"]
[SourceVersion "1"]
[SourceVersionDate "2007.11.25"]
[SourceQuality "1"]

1. e4 e5 2. Nf3 Nc6 3. Bc4 Bc5 4. c3 Nf6 5. d4 exd4 6. e5 Qe7 7. cxd4 Bb4+ 8. Bd2 Bxd2+ 9. Nbxd2 d5 10. Bb5 0-0 11. 0-0 Ne4 12. Bxc6 Nxd2 13. Nxd2 bxc6 14. Qc2 Bd7 15. Nb3 Rfb8 16. Nc5 Be8 17. f4 Rb4 18. Rad1 Rc4 19. Qd2 a5 20. b3 Rb4 21. Qd3 h6 22. Rf3 Rb5 23. Qe3 Bd7 24. f5 Rxc5 25. dxc5 Re8 26. Re1 Qh4 27. Rf4 Qg5 28. Qf3 Qe7 29. Qf2 Qg5 30. h4 Qe7 31. Rg4 Qf8 32. h5 f6 33. e6 Bc8 34. Kh1 Ba6 35. Qe3 Re7 36. Qxh6 Bd3 37. Qg6 Kh8 38. Rh4 Qe8 39. Qxe8+ Rxe8 40. g4 Kh7 41. Re3 Be4+ 42. Kh2 Kh6 43. Kg3 Kg5 44. h6 g6 45. h7 gxf5 46. gxf5 Kxf5 47. h8Q Rxh8 48. Rxh8 Kxe6 49. Re8+ Kf5 50. Re7 Bb1 51. Rf3+ Kg6 52. Kf4 Bxa2 53. Rg3+ Kh6 54. Re1 Bb1 55. Rh1# 1-0